Human anatomy : (Record no. 200460850)
[ view plain ]
| 000 -LEADER | |
|---|---|
| fixed length control field | 01167cam a2200373 i 4500 |
| 001 - CONTROL NUMBER | |
| control field | 200460850 |
| 003 - CONTROL NUMBER IDENTIFIER | |
| control field | TR-AnTOB |
| 005 - DATE AND TIME OF LATEST TRANSACTION | |
| control field | 20241115101531.0 |
| 007 - PHYSICAL DESCRIPTION FIXED FIELD--GENERAL INFORMATION | |
| fixed length control field | ta |
| 008 - FIXED-LENGTH DATA ELEMENTS--GENERAL INFORMATION | |
| fixed length control field | 240607t19941993gw a 001 0 eng |
| 020 ## - INTERNATIONAL STANDARD BOOK NUMBER | |
| International Standard Book Number | 3794515021 |
| Qualifying information | (hardback) |
| 035 ## - SYSTEM CONTROL NUMBER | |
| System control number | (OCoLC)13904433 |
| System control number | (TR-AnTOB)200460850 |
| 040 ## - CATALOGING SOURCE | |
| Original cataloging agency | DNLM |
| Language of cataloging | eng |
| Description conventions | rda |
| Transcribing agency | DNLM |
| Modifying agency | TR-AnTOB |
| 041 0# - LANGUAGE CODE | |
| Language code of text/sound track or separate title | İngilizce |
| 060 00 - NATIONAL LIBRARY OF MEDICINE CALL NUMBER | |
| Classification number | QS 17 |
| Item number | R737 1994 |
| 096 ## - LOCALLY ASSIGNED NLM-TYPE CALL NUMBER (OCLC) | |
| Classification number | QS17 |
| Item number | R737 1994 |
| 100 1# - MAIN ENTRY--PERSONAL NAME | |
| Personal name | Rohen, Johannes W. |
| Fuller form of name | (Johannes Wilhelm) |
| Relator term | author |
| 9 (RLIN) | 145699 |
| 245 10 - TITLE STATEMENT | |
| Title | Human anatomy : |
| Remainder of title | photographic atlas of systematic and regional anatomy / |
| Statement of responsibility, etc. | by Johannes W. Rohen and Chihiro Yokochi. |
| 250 ## - EDITION STATEMENT | |
| Edition statement | Third edition. |
| 264 #1 - PRODUCTION, PUBLICATION, DISTRIBUTION, MANUFACTURE, AND COPYRIGHT NOTICE | |
| Place of production, publication, distribution, manufacture | Stuttgart ; |
| -- | New York : |
| Name of producer, publisher, distributor, manufacturer | Schattauer, |
| Date of production, publication, distribution, manufacture, or copyright notice | 1994. |
| Date of production, publication, distribution, manufacture, or copyright notice | ©1993 |
| 300 ## - PHYSICAL DESCRIPTION | |
| Extent | x, 484 pages : |
| Other physical details | illustrations ; |
| Dimensions | 30 cm |
| 336 ## - CONTENT TYPE | |
| Content type term | text |
| Content type code | txt |
| Source | rdacontent |
| 337 ## - MEDIA TYPE | |
| Media type term | unmediated |
| Media type code | n |
| Source | rdamedia |
| 338 ## - CARRIER TYPE | |
| Carrier type term | volume |
| Carrier type code | nc |
| Source | rdacarrier |
| 500 ## - GENERAL NOTE | |
| General note | Includes index. |
| General note | Coeditions in 11 languages. |
| 650 #2 - SUBJECT ADDED ENTRY--TOPICAL TERM | |
| Topical term or geographic name entry element | Anatomy |
| 9 (RLIN) | 104922 |
| 655 #2 - INDEX TERM--GENRE/FORM | |
| Genre/form data or focus term | Atlas |
| 9 (RLIN) | 143319 |
| 700 1# - ADDED ENTRY--PERSONAL NAME | |
| Personal name | Yokochi, Chihiro |
| Relator term | author |
| 9 (RLIN) | 145700 |
| 942 ## - ADDED ENTRY ELEMENTS (KOHA) | |
| Source of classification or shelving scheme | National Library of Medicine |
| Koha item type | Book |
| Withdrawn status | Lost status | Source of classification or shelving scheme | Not for loan | Collection code | Home library | Current library | Shelving location | Date acquired | Source of acquisition | Inventory number | Total Checkouts | Full call number | Barcode | Date last seen | Copy number | Date shelved | Koha item type | Public note |
|---|---|---|---|---|---|---|---|---|---|---|---|---|---|---|---|---|---|---|
| National Library of Medicine | Ödünç Verilemez-Kurumiçi kullanım / Not for loan-For inhouse use | Tıp Koleksiyonu | Tıp Fakültesi Medikal Kütüphane | Tıp Fakültesi Medikal Kütüphane | Tıp Koleksiyonu / Medical Collection | 07/06/2024 | Bağış / Donation | TIP | QS 17 R737 1994 TıpFaK | TF01315 | 07/06/2024 | 1 | 07/06/2024 | Book |
